skbl

Dr Suryya Kumar Bhuyan Library Web-OPAC
ডঃ সূৰ্য্য
কুমাৰ ভূঞা পুথিভঁৰাল ৱেব-অ'পেক

All Research Scholars are advised to clear the annual library fees to continue using Library Resources, Remote Access, Plagiarism Test and Library Clearance.

Cotton University Book Fair 2026

Fortran 77: With Application to Science and Engineering / (Record no. 3638)

MARC details
000 -LEADER
fixed length control field 00868nam a2200313Ia 4500
001 - CONTROL NUMBER
control field 3650
005 - DATE AND TIME OF LATEST TRANSACTION
control field 20240113233640.0
007 - PHYSICAL DESCRIPTION FIXED FIELD--GENERAL INFORMATION
fixed length control field ta
008 - FIXED-LENGTH DATA ELEMENTS--GENERAL INFORMATION
fixed length control field 050601s1997 g b000 u eng u
020 ## - INTERNATIONAL STANDARD BOOK NUMBER
International Standard Book Number 0-07-462168-8
040 ## - CATALOGING SOURCE
Original cataloging agency Cotton College,Assam
041 ## - LANGUAGE CODE
Language code of text/sound track or separate title eng
082 ## - DEWEY DECIMAL CLASSIFICATION NUMBER
Classification number 001.642
Item number Ja 199 Fo
100 ## - MAIN ENTRY--PERSONAL NAME
Personal name Jain, R.K. .
245 #0 - TITLE STATEMENT
Title Fortran 77: With Application to Science and Engineering /
Statement of responsibility, etc. R.K. Jain & R.P. Suri.
Medium Textual Documents
250 ## - EDITION STATEMENT
Edition statement 3rd ed. /
260 ## - PUBLICATION, DISTRIBUTION, ETC.
Place of publication, distribution, etc. New Delhi :
Name of publisher, distributor, etc. Tata Mcgraw-Hill Publishing Company Ltd ,
Date of publication, distribution, etc. 1997.
300 ## - PHYSICAL DESCRIPTION
Extent 269p. ;
Dimensions 22cm.
504 ## - BIBLIOGRAPHY, ETC. NOTE
Bibliography, etc. note Index
653 ## - INDEX TERM--UNCONTROLLED
Uncontrolled term Mathematics
653 ## - INDEX TERM--UNCONTROLLED
Uncontrolled term Computer Programming
653 ## - INDEX TERM--UNCONTROLLED
Uncontrolled term Fortran 77-Engineering
653 ## - INDEX TERM--UNCONTROLLED
Uncontrolled term PG-Mathematics
700 ## - ADDED ENTRY--PERSONAL NAME
Personal name Suri, R.P. .
942 ## - ADDED ENTRY ELEMENTS (KOHA)
Source of classification or shelving scheme Dewey Decimal Classification
Koha item type Books
Holdings
Withdrawn status Lost status Damaged status Not for loan Collection Home library Current library Date acquired Coded location qualifier Total checkouts Full call number Barcode Date last seen Copy number Price effective from Koha item type
          Dr. Suryya Kumar Bhuyan Library Dr. Suryya Kumar Bhuyan Library 01/02/2012 00000   001.642 Ja 199 Fo 680/Math 13/01/2024 2 01/02/2012 Books
          Dr. Suryya Kumar Bhuyan Library Dr. Suryya Kumar Bhuyan Library 01/02/2012 00000   001.642 Ja 199 Fo 1231/Math 13/01/2024 1 01/02/2012 Books

Designed and Maintained by Team SKBL
©1901-2026

Powered by Koha